000
00320nam a22001337a 4500
008
170621b xxu||||| |||| 00| 0 eng d
020
_a
9780312065942
041
_a
eng
080
_a
327
100
_a
20
101
_a
SHP
245
_a
STAES HISTORY GEOGRAPHY AND THE DEVELOPMENT
_c
SHWARTZ.H.M
942
_2
udc
_c
BK
999
_c
18400
_d
18400